000
00261nam a22001217a 4500
008
180215b xxu||||| |||| 00| 0 eng d
041
_a
eng
080
_a
32
100
_a
26
101
_a
POL
245
_a
THE PALESTIAN ECONOMY
_c
ABED.G.T
942
_2
udc
_c
BK
999
_c
42653
_d
42653